| 000 | 01189cam a2200253 4500 | ||
|---|---|---|---|
| 001 | WB3820-05 | ||
| 008 | 020530n2002 000 0 eng u | ||
| 035 | _a(Sirsi) u118237 | ||
| 245 | _aIndustry faces 5% cost hike | ||
| 260 | _c2002 | ||
| 490 |
_aBuilding _v267(8235) 24 May 2002, 12(1) |
||
| 520 | _aAccording to a QS EC Harris report, the 1 April changes to Part L of the Building Regulations, making buildings more energy efficient to comply with Part L will add as much as 5% to costs. The report coincides with the DTLR's consultation paper "Proposals for new safety requirements for electrical installation work in dwellings", proposing the regulation of electrical installations in new, extended or altered homes. Copies of the consultation paper are available at: www.safety.dtlr.gov.uk/bregs/conindex.htm | ||
| 590 | _aWB | ||
| 650 | _aBUILDING REGULATIONS PART L | ||
| 650 | _aDTLR | ||
| 650 | _aENERGY EFFICIENCY | ||
| 650 | _aELECTRICAL INSTALLATIONS | ||
| 650 | _aSELF-CERTIFICATION | ||
| 650 | _aBUILDING REGULATIONS PART P | ||
| 650 | _aCONSTRUCTION INDUSTRY | ||
| 650 | _aCOSTS | ||
| 690 | _aBUILDING AND CONSTRUCTION-ENERGY MANAGEMENT | ||
| 942 | _n0 | ||
| 999 |
_c70401 _d70401 |
||